00334nam a2200133Ia 4500008004000000041000800040082001100048100001500059245003300074260005200107650001400159650001200173650001500185210210b1940 xxu||||| |||| 00| 0 eng d aeng a423/24 aWYLD (H E) aUniversal English dictionary aLondonbGeorge Routledge and Sons Limitedc1940 aUniversal aEnglish adictionary